00430nam a2200145 i 450000100060000000300090000600500170001500700030003200800410003510000240007624500790010026000580017930000260023785200210026373949ES-MaACL20230906171952.0t|040913s1911 ve ||||1| spa d1 aGonzález, Eloy G.10aHistoria estadística de Cojades b: (desde 1771) / cEloy G. González. aCaracas : b[s.n., c1911] (fTipografía Americana) aXX, 186 p. ; c20 cm. aES-MaACLjG-8754